|
|
|
|
| LEADER |
01325nam a2200313 a 4500 |
| 001 |
4015840 |
| 008 |
101030r20001998caua b 001 0 eng d |
| 999 |
|
|
|c 9932
|d 9932
|
| 010 |
|
|
|a 97016050
|
| 020 |
|
|
|a 1558604286 (cloth)
|
| 020 |
|
|
|a 155860491X (paper)
|
| 020 |
|
|
|a 9814033588
|
| 040 |
|
|
|a DLC
|c DLC
|d DLC
|d BD-DhAAL
|
| 082 |
0 |
0 |
|a 004.22
|2 22
|
| 100 |
1 |
|
|a Hennessy, John L.
|9 32867
|
| 245 |
1 |
0 |
|a Computer organization and design :
|b the hardware/software interface /
|c John L. Hennessy, David A. Patterson ; with a contribution by James R. Larus.
|
| 246 |
1 |
8 |
|a Computer organization & design
|
| 250 |
|
|
|a 2nd ed.
|
| 260 |
|
|
|a San Francisco, Calif. ;
|a New Delhi :
|b Morgan Kaufmann Publishers,
|c c1998
|g (Reprinted 2000).
|
| 300 |
|
|
|a 1 v. (various pagings) :
|b ill. (some col.) ;
|c 25 cm.
|
| 504 |
|
|
|a Includes bibliographical references and index.
|
| 541 |
1 |
|
|e 00012224
|
| 650 |
|
0 |
|a Computer organization.
|9 32868
|
| 650 |
|
0 |
|a Computer engineering.
|9 32869
|
| 650 |
|
0 |
|a Computer interfaces.
|9 32870
|
| 700 |
1 |
|
|a Patterson, David A.
|9 32871
|
| 852 |
4 |
|
|a Ayesha Abed Library
|j General Shelf.
|
| 942 |
|
|
|2 ddc
|c BK
|
| 952 |
|
|
|0 0
|1 0
|2 ddc
|4 0
|6 004_220000000000000_HEN
|7 0
|9 12882
|a BRACUL
|b BRACUL
|c GEN
|d 2010-10-30
|l 16
|m 142
|o 004.22 HEN
|p 3010012224
|r 2025-10-12
|s 2025-08-26
|t 1
|w 2010-10-30
|y BK
|x Price not available in Register
|